000 00550nab a2200169Ia 4500
003 ES-SlBCS
005 20210601125710.0
008 140529s1970 xxu||||| |||| 00| 0 eng d
041 _aeng
100 1 _aCastro, Cláudio de
_9162970
245 0 0 _aAge of the Trusting Fault of Taquaritinga do Norte - Pe., Brasil
_c Cláudio de Castro, A. N. Sial, E. A. Menor
650 0 4 _aGeociencia
_9162971
700 1 _aMenor, E. A.
_9162972
700 1 _aSial, A. N
_9162973
773 0 _tSymposium
_gvol. 12, nº. 1, 1970, págs. 115-118
_wRev976
942 _cAR
999 _c534501
_d534501